00831nam a22002177a 450000500170000001000150001702000260003203500130005803700130007108200160008410000240010024501150012426000360023927000630027530000230033850000410036170000230040294200300042599900170045595201410047220130515111222.0 aENG-107125 a9789380902944c595.00 aEN-90658 bDBAD/PUB a371.8220954 aReddy, Jayashree S.10aParental attitude towards women education :cby Jayashree S. Reddy [and] Gouri Manik Manasba critical study / aJaipurbAadi Publicationsc2012 a18, Jain Bhawan, Opp. N.B.C., Shanti NagarbJaipure302006 avi,159p.c22cm(Hb) aIncludes bibliographical references  aManas, Gouri Manik 2ddccENmREDh371.8220954 c75540d75540 001040718NFICaDBADbDBADd2013-05-13eDBAD/PUBg595.00l0o371.8220954 REDpEN-90658r2013-05-13 00:00:00t1v595.00w2013-05-13yEN